| 000 | 00514nam a2200181Ia 4500 | ||
|---|---|---|---|
| 008 | 230718s9999 xx 000 0 und d | ||
| 020 | _a9788121927819 | ||
| 041 | _aeng | ||
| 082 |
_a621.57 _bKHU |
||
| 100 |
_aKhurmi R.S. _9141538 |
||
| 245 | _aTextbook Of Refrigeration And Air Conditioning | ||
| 250 | _aRevised ed. | ||
| 260 |
_c2014 _bS. Chand |
||
| 300 | _a754 | ||
| 365 |
_cRs. _b595.00 |
||
| 700 |
_aKhurmi R.S. & Gupta J.K. _9184777 |
||
| 906 |
_dO:0463811-Sep-2015B:SE/SI/213227-Aug-2015 _cMECH _b654.5 |
||
| 999 |
_c340324 _d340324 |
||